Technologija metallov

Gespeichert in:
Bibliographische Detailangaben
Format: Buch
Sprache:Russisch
Veröffentlicht: Moskva : GNTIML, 1956
Ausgabe:2.izd.
Tags: Tag hinzufügen
Keine Tags, Fügen Sie das erste Tag hinzu!

MARC

LEADER 00000nam a22000003a 4500
001 stu43166
005 20141122040518.4
008 940721s1956----xxr-----------------rus-d
040 |a STU  |b slo 
041 0 |a rus 
044 |a xxr 
245 |a Technologija metallov 
250 |a 2.izd. 
260 |a Moskva :  |b GNTIML,  |c 1956 
300 |a 550 s 
996 |b 284M062604  |c M*7332-1  |l MMKN  |s A  |a 24  |w stu43166_0001